000 00440nam a2200157 i 4500
001 142322
003 ES-MaACL
005 20230906200508.0
007 t|
008 071004s1973 sp ||||1| cat d
100 1 _aVila i Barnils, Rafael.
_9114723
245 1 1 _aL'ocell i la nit
_b: poemes /
_cRafael Vila y Barnils.
260 _aReus :
_b[Orfeo Reusenc],
_c1973.
300 _a88 p. ;
_c24 cm.
852 _aES-MaACL
_jC-55434
_bR.88050
999 _c142322
_d142322